| 000 | 00660nam a2200205 i 4500 | ||
|---|---|---|---|
| 001 | 89256 | ||
| 003 | ES-MaACL | ||
| 005 | 20230906180129.0 | ||
| 007 | t| | ||
| 008 | 050105s1921 gw ||||1| ger d | ||
| 100 | 1 |
_aLarin, I. _970254 |
|
| 245 | 1 | 0 |
_aWirtschaftsleben und wirtschaftlicher Auflan in Sowjet-Russland, 1917-1920 / _cI. Larin und L. Kritzmann. |
| 260 |
_aHamburg : _b[s.n., _c1921] |
||
| 300 | _a1 v. | ||
| 490 | 1 |
_aBibliothek der Kommunistischen Internationale ; _v16 |
|
| 700 | 1 |
_aKritzmann, L. _968867 |
|
| 830 | 0 |
_aBibliothek der Kommunistischen Internationale ; _v16 _9231885 |
|
| 852 |
_aES-MaACL _j1614-F-14 |
||
| 999 |
_c89256 _d89256 |
||